Fundamentos de ecología (Registro nro. 18136)

Detalles MARC
000 -CABECERA
Campo de control 00632cam a2200217 a 4500
005 - FECHA Y HORA DE LA ULTIMA TRANSACCION
Campo de control 20180803170223.0
008 - ELEMENTOS DE LONGITUD FIJA—INFORMACION GENERAL
Campo de control 990522t19870000mx ac gr 0 spa d
015 ## - NATIONAL BIBLIOGRAPHY NUMBER
National bibliography number NNN
040 ## - FUENTE DE CATALOGACIÓN
Agencia catalogadora original CO-BoPUJ
Agencia transcriptora CO-BoIAVH
041 ## - IDIOMA
Código de idioma para texto/pista de sonido o título separado Español
082 04 - NUMERO DE CLASIFICACION DECIMAL DEWEY
Número de clasificación 574.5
Número del ítem O27f
100 1# - ASIENTO PRINCIPAL--NOMBRE PERSONAL
Nombre personal Odum, Eugene Pleasants
Fechas asociadas con el nombre 1913-
9 (RLIN) 60186
245 #0 - MENCION DE TITULO
Título Fundamentos de ecología
Mención de responsabilidad Eugene P. Odum
260 ## - PUBLICACION, DISTRIBUCION, ETC. (PIE DE IMPRENTA)
Lugar de publicación, distribución, etc. México
Nombre del editor, distribuidor, etc. Interamericana
Fecha de publicación, distribución, etc. 1987
300 ## - DESCRIPCION FISICA
Extensión 421 pagina.
504 ## - NOTA DE BIBLIOGRAFIA, ETC.
Nota de bibliografía Incluye referencias bibliográficas:
Number of references 100
650 24 - ASIENTO SECUNDARIO DE MATERIA - TERMINO TEMATICO
Término temático o nombre geográfico como elemento de entrada Ecología
9 (RLIN) 92250
650 24 - ASIENTO SECUNDARIO DE MATERIA - TERMINO TEMATICO
Término temático o nombre geográfico como elemento de entrada Ecosistema
9 (RLIN) 60188
650 24 - ASIENTO SECUNDARIO DE MATERIA - TERMINO TEMATICO
Término temático o nombre geográfico como elemento de entrada Energia
Subdivisión de forma Sistemas ecológicos
9 (RLIN) 60189
942 ## - ELEMENTOS ADICIONALES (KOHA)
Sistema de clasificación Dewey Decimal Classification
Tipo de ítem Libro
Existencias
Withdrawn status Lost status Sistema de Clasificación Damaged status No para préstamo Colección Inventariado Ubicación Permanente Ubicación actual Fecha de adquisición Fuente de Valor Total Checkouts Número topográfico Inventario / Código de Barras Date last seen Price effective from Tipo de material
    Dewey Decimal Classification     General Inventariado 2017 Bogotá Bogotá 15/02/2016 Amazon   LB-574.5 O27f 042237 15/02/2016 15/02/2016 Libro